| 000 | 01714nam0a2200325 4500 | ||
|---|---|---|---|
| 001 | RU\NLR\bibl\188173 | ||
| 005 | 20260407063045.0 | ||
| 010 |
_a5-88707-009-9 _91000 |
||
| 021 |
_aRU _b1998-21192п _9689 |
||
| 035 | _a(NLR Aleph) 000184723 | ||
| 090 |
_a1067096 _c1067096 |
||
| 100 | _a20011002d1998 |||y0rusy50 ca | ||
| 101 | 0 | _arus | |
| 102 | _aRU | ||
| 105 | _ay ||||||||| | ||
| 200 | 1 |
_aМатериалы семинара "Организация службы социально-психологической помощи детям с острой школьной дезадаптацией и их семьям", Москва, 4-7 мая 1998 г. _fПод ред. А.А. Цыганок |
|
| 210 |
_aМ. _cТеревинф _d1998 |
||
| 215 |
_a125,[1] с. _d24 |
||
| 225 | 1 |
_aОсобый ребенок _eИсслед. и опыт помощи _fЦентр лечеб. педагогики _vВып.1 |
|
| 320 | _aБиблиогр. в конце докл. | ||
| 606 | 0 |
_aДети "группы риска" _jСборники _xСоциальная помощь _xПсихологические основы _92212878 _3RU\NLR\auth\661329229 |
|
| 686 | _aС550.325.2я43 | ||
| 702 | 1 |
_aЦыганок _bА. А. _gАнтонина Андреевна _4340 |
|
| 710 | 1 | 2 |
_a"Организация службы социально-психологической помощи детям с острой школьной дезадаптацией и их семьям", семинар _eМосква _f1998 _9559166 _3RU\NLR\AUTH\8810030319 |
| 801 | 0 |
_aRU _bNLR _c20011002 _gPSBO |
|
| 801 | 1 |
_aRU _bNLR _c20011002 |
|
| 852 |
_aNLR _jП28/1781 |
||
| 942 | _cBOOK | ||
| 980 | _aNB | ||